000 02200nam a2200493 c 4500
003 BLK
005 20250119004127.0
008 180411b bul|||||r ||||||| ||bul||
010 _aKNG00185894000
020 _a978-619-77008-04-3
_bиздат.: Янус
040 _aBLK
041 _aBUL
_cBUL
072 7 _2bullib
_aН92
_xИстория Н
080 _aТрета българска държава (от 1878)
_b94(497.2)"1878..."
_x(092)
_z94(497.2)"1878..."(092)
080 _aДворци на крале, президенти и др. Официални резиденции
_b725.17
_x(497.2)
_z725.17(497.2)
080 _aБиографии
_b929
_x(497.2)
_z929(497.2)
700 1 _aПейков, Тошо Костадинов
_eтекст и фотоматериал
_9364630
139 _aПейков, Тошо Костадинов
_bП 33
245 1 0 _aБългария в блясък
_bВладетели, дворци и дейци на Третото Българско Царство
_cтекст и фотоматериал Тошо Костадинов Пейков.
257 _aBGR
260 София
_bЯнус
_c2015
_fСофия : Лито Балкан
300 _a384 с.
_bсъс сн.
_c34 см
380 _a9
650 0 _aБългария - история, нова
_9241998
650 4 _aВладетели, български
_9245086
650 4 _aЦаре, български
_9248628
650 4 _aПрочути личности - България - биографии
_9334936
650 4 _aДворци
_9152910
651 4 _aБългария
_9241624
653 _aбългарски владетели
653 _aбългарски царе
653 _aисторически личности
653 _aдейци
653 _aдворци
653 _aбългарска история
653 _aТрета българска държава
659 _aН
852 _aЦб Гр А ІІ 4813
856 4 _qpdf
_u
856 4 _qpdf
_u
942 _cKNG
_n0
944 _aCR
_c15.01.2016
_lCRON CRON
_k
944 _aED
_c12.04.2017
_lф /
_kЛюдмила_Стоянова
999 _c177237
_d177237